Statistics for České a československé animované pohádkové postavy - podle obrázků

Click here to take the quiz!

General Stats

  • This quiz has been taken 17 times
  • The average score is 15 of 16

Answer Stats

Answer% Correct
Bob a Bobek
100%
Krtek
100%
Mach a Šebestová
100%
Pat a Mat
100%
Pejsek a kočička
100%
Rumcajs
100%
Víla Amálka
100%
Čtyřlístek
92%
Křemílek a Vochomůrka
92%
Maková panenka a motýl Emanuel
92%
Rákosníček
92%
Štaflík a Špagetka
92%
Káťa a Škubánek
85%
Kocour Mikeš
85%
Maxipes Fík
85%
Človíček
38%

Score Distribution

Percentile by Number Answered

Percent of People with Each Score

Your Score History

You have not taken this quiz